Rio Minus Ten: The Political Economy of Environmental Degradation /

Sábháilte in:
Sonraí bibleagrafaíochta
Príomhchruthaitheoir: Swatuk, Larry A
Formáid: Téacs
Ábhair:
Clibeanna: Cuir clib leis
Níl clibeanna ann, Bí ar an gcéad duine le clib a chur leis an taifead seo!

MARC

LEADER 00000 a a2200000 04500
001 18626
003
040
100 |a Swatuk, Larry A  
245 |a Rio Minus Ten:   |b The Political Economy of Environmental Degradation /  |c Larry A Swatuk 
650 |a POLITICA ECONOMICA  
650 |a EFECTOS SOBRE EL MEDIO AMBIENTE  
650 |a LIMITES AL CRECIMIENTO  
773 |g volumen 14, número 1; páginas 264-275  
999 |c 34817  |d 34817